[Event "Mundial Juvenil femenino 2005 s14"]
[Site "Belfort FRA"]
[Date "2005.07.26"]
[Round "7.6"]
[White "Skinke, Katrina"]
[Black "Ramirez, Heimi"]
[Result "1-0"]
[WhiteElo "2100"]
[BlackElo "1599"]
[PlyCount "49"]
[EventDate "2005.07.19"]
[EventType "swiss"]
[EventRounds "11"]
[EventCountry "FRA"]
[Source "lmi"]
[SourceDate "2005.07.31"]

1. e4 c5 2. Nf3 d6 3. d4 cxd4 4. Nxd4 Nf6 5. Nc3 g6 6. Be3 Bg7 7. f3 O-O 8. Qd2
Nc6 9. O-O-O Bd7 10. g4 a6 11. h4 h5 12. gxh5 Nxh5 13. Rg1 b5 14. Nxc6 Bxc6 15.
Ne2 b4 16. Nd4 Bd7 17. Bh6 Kh7 18. Bxg7 Nxg7 19. f4 Qa5 20. Bc4 Rac8 21. Bb3
Ba4 22. Kb1 Bc6 23. Nf3 Kg8 24. f5 Nxf5 25. exf5 1-0

[Event "Mundial Juvenil femenino 2005 s14"]
[Site "Belfort FRA"]
[Date "2005.07.26"]
[Round "7.7"]
[White "Agrest, Inna"]
[Black "Guramishvili, Sopiko"]
[Result "0-1"]
[WhiteElo "1984"]
[BlackElo "2104"]
[PlyCount "88"]
[EventDate "2005.07.19"]
[EventType "swiss"]
[EventRounds "11"]
[EventCountry "FRA"]
[Source "lmi"]
[SourceDate "2005.07.31"]

1. e4 c5 2. d4 cxd4 3. c3 Nf6 4. e5 Nd5 5. Nf3 e6 6. cxd4 d6 7. Nc3 Nc6 8. Nxd5
exd5 9. Bd3 Be7 10. h3 O-O 11. O-O Be6 12. Bf4 g6 13. Qd2 dxe5 14. dxe5 Re8 15.
Bh6 Qb6 16. b3 Nb4 17. Bb1 a5 18. Bg5 a4 19. Bxe7 Rxe7 20. bxa4 Rxa4 21. Qh6
Bd7 22. h4 Ra3 23. Re1 Rxf3 24. gxf3 Qd4 25. Rc1 Qxa1 26. Bxg6 Qxc1+ 27. Qxc1
hxg6 28. Qa3 Nc6 29. f4 Bf5 30. Qb3 Rd7 31. h5 Kg7 32. Qb2 d4 33. f3 Be6 34.
Qd2 d3 35. Kf2 Bf5 36. Ke1 Nd4 37. Kd1 Nxf3 38. Qc3 Nd4 39. Qc8 gxh5 40. Qc3
Ne6 41. Qd2 Rc7 42. Qe3 Rc2 43. Qg3+ Bg4+ 44. Ke1 d2+ 0-1

[Event "Mundial Juvenil femenino 2005 s14"]
[Site "Belfort FRA"]
[Date "2005.07.26"]
[Round "7.8"]
[White "Smith, Hazel"]
[Black "Parrilla, Medina"]
[Result "1-0"]
[WhiteElo "2023"]
[BlackElo "1599"]
[PlyCount "97"]
[EventDate "2005.07.19"]
[EventType "swiss"]
[EventRounds "11"]
[EventCountry "FRA"]
[Source "lmi"]
[SourceDate "2005.07.31"]

1. e4 c5 2. Nf3 Nc6 3. d4 cxd4 4. Nxd4 g6 5. c4 Bg7 6. Be3 Nf6 7. Nc3 Ng4 8.
Qxg4 Nxd4 9. Qd1 Ne6 10. Qd2 Qa5 11. Rc1 g5 12. h4 h6 13. Be2 b6 14. Bg4 Bb7
15. Nd5 Qxd2+ 16. Bxd2 Bxd5 17. exd5 Nc5 18. Rc2 Nd3+ 19. Ke2 Nxb2 20. hxg5
hxg5 21. Rb1 Na4 22. Rb4 Nc5 23. Bxg5 Rc8 24. a4 Bd4 25. Be3 Bxe3 26. fxe3 Na6
27. Rb1 Rh4 28. Kf3 Rc5 29. Kg3 Rh8 30. Rb5 Rc8 31. a5 Nc7 32. axb6 axb6 33.
Rxb6 Kd8 34. e4 Rg8 35. Kf3 Rg5 36. Rcb2 Ne8 37. Rb8 Nd6 38. c5 Rxb8 39. Rxb8+
Kc7 40. cxd6+ Kxb8 41. dxe7 Re5 42. d6 Kc8 43. Kf4 f6 44. Bh5 Re6 45. e8=Q+
Rxe8 46. Bxe8 Kd8 47. Bh5 Kc8 48. Kf5 Kb7 49. Kxf6 1-0

[Event "Mundial Juvenil femenino 2005 s14"]
[Site "Belfort FRA"]
[Date "2005.07.26"]
[Round "7.9"]
[White "Vojinovic, Jovana"]
[Black "Zaichenko, Daria"]
[Result "1-0"]
[WhiteElo "1952"]
[BlackElo "2023"]
[PlyCount "145"]
[EventDate "2005.07.19"]
[EventType "swiss"]
[EventRounds "11"]
[EventCountry "FRA"]
[Source "lmi"]
[SourceDate "2005.07.31"]

1. d4 Nf6 2. Nf3 c5 3. dxc5 Qa5+ 4. Nbd2 Qxc5 5. a3 d5 6. b4 Qb6 7. e3 Bg4 8.
Bb2 Nbd7 9. Be2 e6 10. c4 Rc8 11. Rc1 Qd8 12. O-O Be7 13. cxd5 Nxd5 14. Qa4 a6
15. b5 Bxf3 16. Nxf3 O-O 17. bxa6 bxa6 18. Rxc8 Qxc8 19. Bxa6 Qb8 20. Qxd7 Qxb2
21. a4 Bf6 22. Qb5 Rb8 23. Qd7 Nb6 24. Qc6 g6 25. e4 Qc3 26. Qxc3 Bxc3 27. Rb1
Kf8 28. Kf1 Nd7 29. Rxb8+ Nxb8 30. Bb5 Ke7 31. Ke2 h6 32. Kd3 Ba1 33. Nd2 Nd7
34. f4 e5 35. g3 f6 36. Nb3 Bb2 37. h4 Ba3 38. Kc4 Nb6+ 39. Kc3 Kd6 40. Be8 g5
41. fxg5 fxg5 42. hxg5 hxg5 43. a5 Nc8 44. Kc4 Na7 45. g4 Ke7 46. Ba4 Kd6 47.
Be8 Ke7 48. Bg6 Kd6 49. Bf7 Kc6 50. Bd5+ Kd6 51. Bf7 Kc6 52. Bg8 Kd6 53. Bf7
Kc6 54. Bd5+ Kd6 55. Ba8 Ke6 56. Bb7 Kd6 57. Bd5 Kc7 58. Nc5 Kd6 59. Ne6 Bc1
60. Nd8 Bf4 61. Nf7+ Kc7 62. a6 Kd7 63. Kb4 Kc7 64. Ka4 Kb6 65. Kb4 Nb5 66. Bb7
Nc7 67. Kc4 Nb5 68. Kd5 Nc7+ 69. Kd6 Nb5+ 70. Ke6 Nd4+ 71. Kd5 Nf3 72. Nd6 Be3
73. Nc4+ 1-0

[Event "Mundial Juvenil femenino 2005 s14"]
[Site "Belfort FRA"]
[Date "2005.07.26"]
[Round "7.10"]
[White "Drobrenski, Jessika"]
[Black "Pon, N. Krithika"]
[Result "0-1"]
[WhiteElo "1599"]
[BlackElo "2007"]
[PlyCount "68"]
[EventDate "2005.07.19"]
[EventType "swiss"]
[EventRounds "11"]
[EventCountry "FRA"]
[Source "lmi"]
[SourceDate "2005.07.31"]

1. e4 Nf6 2. e5 Nd5 3. Bc4 e6 4. Bxd5 exd5 5. Nf3 Be7 6. O-O O-O 7. Nc3 c6 8.
a4 d6 9. d4 Bg4 10. Qd3 Bxf3 11. Qxf3 dxe5 12. dxe5 Nd7 13. Qe2 Re8 14. f4 Qc7
15. Kh1 Nf8 16. Qg4 f6 17. e6 f5 18. Qxf5 Bf6 19. Re1 Qd6 20. Bd2 Rxe6 21. Rxe6
Qxe6 22. Qh5 Re8 23. h3 Qf7 24. Qf3 Ne6 25. Rf1 a6 26. Qf2 Nd4 27. Be1 Qg6 28.
g4 Nxc2 29. f5 Qh6 30. Qxc2 Qxh3+ 31. Kg1 Rxe1 32. Rxe1 Bd4+ 33. Qf2 Qg3+ 34.
Kf1 Qxf2# 0-1

[Event "Mundial Juvenil femenino 2005 s14"]
[Site "Belfort FRA"]
[Date "2005.07.26"]
[Round "7.11"]
[White "Khoo, Selina"]
[Black "Wang, Qinke"]
[Result "1/2-1/2"]
[WhiteElo "2006"]
[BlackElo "1599"]
[PlyCount "60"]
[EventDate "2005.07.19"]
[EventType "swiss"]
[EventRounds "11"]
[EventCountry "FRA"]
[Source "lmi"]
[SourceDate "2005.07.31"]

1. e4 c5 2. Nf3 d6 3. Bb5+ Bd7 4. Bxd7+ Qxd7 5. c4 Nc6 6. d4 cxd4 7. Nxd4 Nf6
8. Nc3 a6 9. a4 g6 10. f3 Bg7 11. Nde2 O-O 12. O-O Rac8 13. b3 Rfd8 14. Bg5 h6
15. Bh4 g5 16. Bf2 Qc7 17. Rc1 e6 18. Qd2 Na5 19. Qa2 Rd7 20. Rcd1 Qd8 21. Qb1
d5 22. exd5 exd5 23. c5 Nc6 24. Nd4 Nxd4 25. Bxd4 Nh5 26. b4 Nf4 27. Qf5 Rc6
28. Bxg7 Kxg7 29. g3 Kf8 30. Qe5 d4 1/2-1/2

[Event "Mundial Juvenil femenino 2005 s14"]
[Site "Belfort FRA"]
[Date "2005.07.26"]
[Round "7.12"]
[White "Maroroa, Sue Yuchan"]
[Black "Dudas, Eszter"]
[Result "1/2-1/2"]
[WhiteElo "1599"]
[BlackElo "2000"]
[PlyCount "48"]
[EventDate "2005.07.19"]
[EventType "swiss"]
[EventRounds "11"]
[EventCountry "FRA"]
[Source "lmi"]
[SourceDate "2005.07.31"]

1. e4 c5 2. Nc3 e6 3. Bc4 Nc6 4. f4 Nf6 5. d3 a6 6. a3 d5 7. exd5 exd5 8. Ba2
Be7 9. Nf3 O-O 10. O-O Re8 11. Ne5 Bf8 12. Qf3 Bd6 13. Nxd5 Nxe5 14. Nxf6+ gxf6
15. fxe5 Bxe5 16. Bf4 Bf5 17. h4 Bd4+ 18. Kh1 Be6 19. c3 Bxa2 20. Rxa2 Be5 21.
Bxe5 Rxe5 22. Qxf6 Qxf6 23. Rxf6 Rd8 24. Ra1 Rxd3 1/2-1/2

[Event "Mundial Juvenil femenino 2005 s14"]
[Site "Belfort FRA"]
[Date "2005.07.26"]
[Round "7.13"]
[White "Iordanidou, Zoi"]
[Black "Yu, Moqi"]
[Result "1/2-1/2"]
[WhiteElo "1992"]
[BlackElo "1599"]
[PlyCount "112"]
[EventDate "2005.07.19"]
[EventType "swiss"]
[EventRounds "11"]
[EventCountry "FRA"]
[Source "lmi"]
[SourceDate "2005.07.31"]

1. e4 c5 2. Nf3 d6 3. d4 cxd4 4. Nxd4 Nf6 5. Nc3 a6 6. a4 e5 7. Nb3 Be7 8. Be2
O-O 9. O-O Be6 10. Be3 Nbd7 11. Nd2 Qc7 12. a5 d5 13. exd5 Nxd5 14. Nxd5 Bxd5
15. f4 Qc6 16. Bf3 e4 17. Be2 f5 18. Nb3 Nf6 19. Nd4 Qc8 20. c4 Bxc4 21. Rc1
Bxe2 22. Qb3+ Bc4 23. Rxc4 Qd7 24. Rc7+ Qd5 25. Rxe7 Qxb3 26. Nxb3 Nd5 27. Bc5
Nxe7 28. Bxe7 Rfe8 29. Bc5 Rad8 30. Nd4 Rd5 31. b4 Rc8 32. Rd1 h6 33. Kf2 g5
34. g3 Kf7 35. Ke3 Kf6 36. Rd2 Rcd8 37. Bb6 Rc8 38. Bc5 Rcd8 39. Rc2 gxf4+ 40.
gxf4 Rg8 41. Bb6 Rg1 42. Rc8 Re1+ 43. Kd2 Rb1 44. Rf8+ Kg6 45. Bc5 Rh1 46. Rg8+
Kf6 47. Rf8+ Kg6 48. Rg8+ Kf6 49. Rg2 Rf1 50. Ke3 Re1+ 51. Kd2 Rb1 52. Ke3 Rd1
53. Rd2 Re1+ 54. Kf2 Rh1 55. Kg2 Re1 56. Kf2 Rh1 1/2-1/2

[Event "Mundial Juvenil femenino 2005 s14"]
[Site "Belfort FRA"]
[Date "2005.07.26"]
[Round "7.14"]
[White "Anusca, Madalina-Maria"]
[Black "Deur, Zrinka"]
[Result "0-1"]
[WhiteElo "1999"]
[BlackElo "1918"]
[PlyCount "39"]
[EventDate "2005.07.19"]
[EventType "swiss"]
[EventRounds "11"]
[EventCountry "FRA"]
[Source "lmi"]
[SourceDate "2005.07.31"]

1. d4 Nf6 2. c4 c5 3. Nf3 cxd4 4. Nxd4 g6 5. Nc3 Bg7 6. e4 Nc6 7. Be3 O-O 8.
Be2 d6 9. O-O Bd7 10. f4 Rc8 11. Qd2 Na5 12. b3 a6 13. Rac1 Nc6 14. f5 Nxd4 15.
Bxd4 b5 16. cxb5 axb5 17. fxg6 hxg6 18. e5 dxe5 19. Bxe5 Qa5 20. Qd4 0-1

[Event "Mundial Juvenil femenino 2005 s14"]
[Site "Belfort FRA"]
[Date "2005.07.26"]
[Round "7.15"]
[White "Sanchez Delgado, Lidia"]
[Black "Erdos, Boglarka"]
[Result "1-0"]
[WhiteElo "1898"]
[BlackElo "1981"]
[PlyCount "119"]
[EventDate "2005.07.19"]
[EventType "swiss"]
[EventRounds "11"]
[EventCountry "FRA"]
[Source "lmi"]
[SourceDate "2005.07.31"]

1. e4 e5 2. Nf3 d6 3. d4 exd4 4. Nxd4 Nf6 5. Nc3 Be7 6. Bc4 O-O 7. Bb3 a6 8. a4
Nbd7 9. Qe2 Nc5 10. Ba2 Re8 11. Qc4 Ne6 12. Nf5 Bf8 13. O-O Qd7 14. b4 b5 15.
Qd3 bxa4 16. Bc4 Bb7 17. f3 a5 18. b5 Nc5 19. Qd4 Ne6 20. Qf2 c6 21. Nxa4 Qc7
22. Bb2 Nd7 23. bxc6 Bxc6 24. Bb3 Ne5 25. Rfd1 Rab8 26. Ba3 Red8 27. Nb2 Bb5
28. Rac1 Nf4 29. Nd4 Ba6 30. Rd2 Nc6 31. Nxc6 Qxc6 32. Rcd1 Qc7 33. Qe3 Ne6 34.
Nd3 Be7 35. Kh1 Bg5 36. f4 Bxd3 37. fxg5 Bb5 38. Bxd6 Qb6 39. Qh3 Rbc8 40. Bxe6
fxe6 41. Qxe6+ Kh8 42. e5 Re8 43. Qf5 Qe3 44. Rf2 Bc4 45. h3 Be6 46. Qf3 Qxg5
47. Ra1 Ra8 48. Qf4 Qg6 49. c4 Qd3 50. c5 Qc3 51. Qa4 Bd7 52. Qa3 Qd4 53. Rf7
Bc6 54. Raf1 Qh4 55. e6 Bd5 56. Bf8 Bxe6 57. Bxg7+ Kg8 58. Qf3 Qc4 59. Rf4 Qc2
60. Bh6 1-0

[Event "Mundial Juvenil femenino 2005 s14"]
[Site "Belfort FRA"]
[Date "2005.07.26"]
[Round "7.16"]
[White "Genzling, Sylvie"]
[Black "Esonboeva, Gulruhsor"]
[Result "1-0"]
[WhiteElo "1968"]
[BlackElo "1599"]
[PlyCount "61"]
[EventDate "2005.07.19"]
[EventType "swiss"]
[EventRounds "11"]
[EventCountry "FRA"]
[Source "lmi"]
[SourceDate "2005.07.31"]

1. c4 Nf6 2. Nc3 g6 3. e4 d6 4. g3 Bg7 5. Bg2 O-O 6. Nge2 c5 7. O-O Nc6 8. d3
Qd7 9. Rb1 b6 10. a3 Bb7 11. b4 cxb4 12. axb4 e6 13. h3 Rac8 14. Be3 Rfd8 15.
Qd2 Ne7 16. Rfd1 d5 17. Qa2 Ba8 18. Ra1 Nc6 19. b5 Na5 20. c5 bxc5 21. e5 Ne8
22. Bg5 Nb7 23. Bxd8 Rxd8 24. Qxa7 Bxe5 25. d4 cxd4 26. Nxd4 Rc8 27. Na4 Bxd4
28. Rxd4 Nc5 29. Nxc5 Qxa7 30. Rxa7 Rxc5 31. Rxa8 1-0

[Event "Mundial Juvenil femenino 2005 s14"]
[Site "Belfort FRA"]
[Date "2005.07.26"]
[Round "7.17"]
[White "Uuganbayar, Khamsuren"]
[Black "Krasnodebska, Magdalena"]
[Result "1-0"]
[WhiteElo "1599"]
[BlackElo "1963"]
[PlyCount "36"]
[EventDate "2005.07.19"]
[EventType "swiss"]
[EventRounds "11"]
[EventCountry "FRA"]
[Source "lmi"]
[SourceDate "2005.07.31"]

1. e4 c5 2. c3 d5 3. exd5 Qxd5 4. d4 Nf6 5. Nf3 Bg4 6. Be2 e6 7. Na3 Nc6 8. Be3
cxd4 9. Nb5 Rc8 10. Nbxd4 a6 11. Qb3 Qxb3 12. Nxb3 Nd5 13. Bc5 Nf4 14. Ng1 Bxc5
15. Nxc5 Nxe2 16. Nxe2 Rc7 17. Nd3 e5 18. h3 Bf5 1-0

[Event "Mundial Juvenil femenino 2005 s14"]
[Site "Belfort FRA"]
[Date "2005.07.26"]
[Round "7.18"]
[White "Moernaut, Evelien"]
[Black "Rysbayeva, Algerim"]
[Result "1/2-1/2"]
[WhiteElo "1935"]
[BlackElo "1599"]
[PlyCount "65"]
[EventDate "2005.07.19"]
[EventType "swiss"]
[EventRounds "11"]
[EventCountry "FRA"]
[Source "lmi"]
[SourceDate "2005.07.31"]

1. d4 d5 2. c4 dxc4 3. e3 Nf6 4. Bxc4 e6 5. Nf3 c5 6. O-O a6 7. Nc3 b5 8. Bd3
cxd4 9. Nxd4 Bb7 10. Qc2 Be7 11. Rd1 Nbd7 12. Ne4 Qb6 13. Nb3 Rc8 14. Nxf6+
Nxf6 15. Qe2 O-O 16. Bd2 Ne4 17. Ba5 Qa7 18. Rac1 Ba8 19. a3 Qb7 20. f3 Nc5 21.
Nxc5 Bxc5 22. Kh1 Qa7 23. e4 e5 24. Bc3 Be3 25. Rc2 f6 26. Bb4 Rfd8 27. Ba5 Bb6
28. Be1 Rxc2 29. Bxc2 Bd4 30. Bb3+ Kh8 31. Bc3 Bb6 32. Rxd8+ Bxd8 33. Qd2
1/2-1/2

[Event "Mundial Juvenil femenino 2005 s14"]
[Site "Belfort FRA"]
[Date "2005.07.26"]
[Round "7.20"]
[White "Vetrila, Sanda"]
[Black "Jorgensen, Line Jin"]
[Result "1-0"]
[WhiteElo "1924"]
[BlackElo "1599"]
[PlyCount "71"]
[EventDate "2005.07.19"]
[EventType "swiss"]
[EventRounds "11"]
[EventCountry "FRA"]
[Source "lmi"]
[SourceDate "2005.07.31"]

1. e4 e6 2. d4 d5 3. Nc3 Nf6 4. e5 Nfd7 5. Nce2 c5 6. f4 Nc6 7. c3 a6 8. Nf3 b5
9. g3 Bb7 10. Bg2 Be7 11. Be3 Qb6 12. O-O O-O-O 13. Qd2 f6 14. a4 h6 15. axb5
axb5 16. Kh1 Rdg8 17. dxc5 Bxc5 18. Bxc5 Qxc5 19. Nfd4 Re8 20. exf6 gxf6 21.
Qd3 e5 22. b4 e4 23. Qxb5 Nxd4 24. Nxd4 Qxb5 25. Nxb5 Re6 26. Rfc1 Rb6 27. Ra5
Kb8 28. Kg1 Rc8 29. Bh3 Rd8 30. Kf2 Nf8 31. Ke3 Ne6 32. Bxe6 Rxe6 33. Nd4 Red6
34. c4 dxc4 35. Rxc4 Bd5 36. Rxd5 1-0

[Event "Mundial Juvenil femenino 2005 s14"]
[Site "Belfort FRA"]
[Date "2005.07.27"]
[Round "8.2"]
[White "Kharisma, Irine"]
[Black "Bodnaruk, Anastasia"]
[Result "1-0"]
[WhiteElo "2010"]
[BlackElo "2165"]
[PlyCount "110"]
[EventDate "2005.07.19"]
[EventType "swiss"]
[EventRounds "11"]
[EventCountry "FRA"]
[Source "lmi"]
[SourceDate "2005.07.31"]

1. e4 c5 2. Nf3 d6 3. d4 cxd4 4. Nxd4 Nf6 5. Nc3 a6 6. Be2 e5 7. Nb3 Be7 8. O-O
O-O 9. Be3 Qc7 10. Kh1 b5 11. f4 Bb7 12. Bf3 Nbd7 13. a3 Rad8 14. Qe1 Nc5 15.
Nxc5 dxc5 16. Qg3 Bd6 17. f5 Kh8 18. Qh4 b4 19. Ne2 a5 20. Ng3 Be7 21. Bg5 Rfe8
22. Rad1 Rd4 23. c3 bxc3 24. bxc3 Rc4 25. Rd3 Ng8 26. Rfd1 Bc6 27. Nh5 Bxg5 28.
Qxg5 f6 29. Qg3 Qf7 30. Qh4 Rb8 31. Ng3 Ba4 32. Bh5 Qb7 33. Re1 Qc7 34. h3 Rb3
35. Bd1 Rb1 36. Ne2 Bxd1 37. Rexd1 Rxd1+ 38. Rxd1 Qb7 39. Rd8 Qf7 40. Qg4 Ra4
41. Qf3 Rxa3 42. Qd3 Ra1+ 43. Kh2 a4 44. Qd6 a3 45. Qe6 Qxe6 46. fxe6 a2 47. e7
Rh1+ 48. Kxh1 a1=Q+ 49. Kh2 Qa2 50. e8=Q Qc4 51. Ng3 h6 52. Nf5 Kh7 53. Rd7 Qb3
54. Rxg7+ Kh8 55. Qg6 c4 1-0

[Event "Mundial Juvenil femenino 2005 s14"]
[Site "Belfort FRA"]
[Date "2005.07.27"]
[Round "8.4"]
[White "Ramya, Krishna I"]
[Black "Kulon, Klaudia"]
[Result "1-0"]
[WhiteElo "2165"]
[BlackElo "2069"]
[PlyCount "83"]
[EventDate "2005.07.19"]
[EventType "swiss"]
[EventRounds "11"]
[EventCountry "FRA"]
[Source "lmi"]
[SourceDate "2005.07.31"]

1. d4 Nf6 2. c4 g6 3. Nc3 Bg7 4. e4 d6 5. f4 O-O 6. Nf3 c5 7. d5 e6 8. Be2 exd5
9. cxd5 Bg4 10. O-O Nbd7 11. h3 Bxf3 12. Bxf3 a6 13. a4 Qa5 14. Re1 Rfe8 15.
Be3 c4 16. Bf2 h6 17. Kh2 Nh7 18. Bd4 Bxd4 19. Qxd4 Qc5 20. Rad1 Rac8 21. Be2
b5 22. axb5 axb5 23. b3 b4 24. Na4 Qxd4 25. Rxd4 cxb3 26. Rxb4 Rb8 27. Bb5 Ndf6
28. Nc3 Re7 29. Rxb3 Rc7 30. Reb1 Nh5 31. Bc6 Rxb3 32. Rxb3 Nxf4 33. Nb5 Re7
34. Nxd6 Nf6 35. Rf3 Nxe4 36. Nc8 Rc7 37. Rxf4 Nc3 38. Nb6 Kf8 39. Rc4 Nd1 40.
d6 Ra7 41. d7 Ke7 42. Nc8+ 1-0

[Event "Mundial Juvenil femenino 2005 s14"]
[Site "Belfort FRA"]
[Date "2005.07.27"]
[Round "8.5"]
[White "Guramishvili, Sopiko"]
[Black "Vojinovic, Jovana"]
[Result "1/2-1/2"]
[WhiteElo "2104"]
[BlackElo "1952"]
[PlyCount "83"]
[EventDate "2005.07.19"]
[EventType "swiss"]
[EventRounds "11"]
[EventCountry "FRA"]
[Source "lmi"]
[SourceDate "2005.07.31"]

1. d4 e6 2. c4 f5 3. g3 Nf6 4. Bg2 d5 5. Nf3 c6 6. O-O Bd6 7. b3 Qe7 8. Bb2 b6
9. Ne5 Bb7 10. Nd2 O-O 11. Rc1 a5 12. Ndf3 Na6 13. cxd5 cxd5 14. Qd3 Nb4 15.
Qb1 Rfc8 16. h3 Ne4 17. Rfd1 Rab8 18. Nd3 Ba6 19. Nfe5 Bxe5 20. dxe5 Rxc1 21.
Nxc1 Rc8 22. a3 Nc6 23. Nd3 Na7 24. Rc1 Qd7 25. Bd4 Rb8 26. Rc2 Nb5 27. Bb2 Rc8
28. Qc1 Rxc2 29. Qxc2 Qc7 30. Qxc7 Nxc7 31. Bd4 Na8 32. g4 g6 33. gxf5 gxf5 34.
Nf4 Kf7 35. Bxe4 dxe4 36. a4 Bb7 37. Kf1 Bc6 38. Ke1 Ke7 39. Kd2 b5 40. axb5
Bxb5 41. Bc3 a4 42. b4 1/2-1/2

[Event "Mundial Juvenil femenino 2005 s14"]
[Site "Belfort FRA"]
[Date "2005.07.27"]
[Round "8.6"]
[White "Smith, Hazel"]
[Black "Skinke, Katrina"]
[Result "0-1"]
[WhiteElo "2023"]
[BlackElo "2100"]
[PlyCount "74"]
[EventDate "2005.07.19"]
[EventType "swiss"]
[EventRounds "11"]
[EventCountry "FRA"]
[Source "lmi"]
[SourceDate "2005.07.31"]

1. e4 d6 2. d4 Nf6 3. Nc3 g6 4. f4 Bg7 5. Nf3 O-O 6. Bd3 Na6 7. a3 c5 8. d5 Nc7
9. O-O e6 10. dxe6 fxe6 11. e5 Nfd5 12. Ne4 Nxf4 13. Nxd6 Nxd3 14. Qxd3 Nd5 15.
Bg5 Qc7 16. Kh1 b6 17. c4 Ba6 18. Qe4 Ne7 19. b4 Rab8 20. Rfd1 Nf5 21. Nb5 Qf7
22. Rf1 Bb7 23. Qe1 a6 24. Nc3 h6 25. Bh4 Nxh4 26. Nxh4 Qxf1+ 27. Qxf1 Rxf1+
28. Rxf1 Bxe5 29. Na4 g5 30. Nf3 Bxf3 31. Rxf3 Bd4 32. Rb3 cxb4 33. Rxb4 e5 34.
Nb2 Rf8 35. h3 Rf1+ 36. Kh2 e4 37. Na4 e3 0-1

[Event "Mundial Juvenil femenino 2005 s14"]
[Site "Belfort FRA"]
[Date "2005.07.27"]
[Round "8.7"]
[White "Pon, N. Krithika"]
[Black "Guadamuro Torrente, Ana Isabel"]
[Result "1/2-1/2"]
[WhiteElo "2007"]
[BlackElo "2084"]
[PlyCount "133"]
[EventDate "2005.07.19"]
[EventType "swiss"]
[EventRounds "11"]
[EventCountry "FRA"]
[Source "lmi"]
[SourceDate "2005.07.31"]

1. e4 e5 2. Nf3 Nc6 3. Bb5 Nf6 4. O-O Nxe4 5. d4 Nd6 6. Bxc6 dxc6 7. dxe5 Ne4
8. Qe2 Bf5 9. Rd1 Qe7 10. Be3 c5 11. Na3 g6 12. Bf4 g5 13. Be3 Bg7 14. Nd2 Nxd2
15. Rxd2 O-O 16. f4 gxf4 17. Bxf4 a6 18. Nc4 Bg6 19. Kh1 Rad8 20. Re1 Rd4 21.
Rxd4 cxd4 22. Qd2 b5 23. Na5 c5 24. c3 dxc3 25. Qxc3 c4 26. Qd2 Qe6 27. b3 Rc8
28. bxc4 bxc4 29. Qc3 Qf5 30. Bg3 Qd3 31. Qc1 Qd5 32. Nb3 Rd8 33. Na1 Be4 34.
Rg1 Qd3 35. Bh4 Rb8 36. Bf6 Rb1 37. Qxb1 Qxb1 38. Rxb1 Bxb1 39. a3 Bh6 40. e6
fxe6 41. Bc3 Bg7 42. Bxg7 Kxg7 43. Kg1 Kf6 44. Kf2 Ke5 45. Ke3 Kd5 46. g4 e5
47. h4 a5 48. a4 Kc5 49. h5 h6 50. Kd2 Kd5 51. Nc2 Bxc2 52. Kxc2 Ke6 53. Kc3
Kf6 54. Kxc4 Kg5 55. Kd5 Kxg4 56. Kxe5 Kxh5 57. Kf5 Kh4 58. Kf4 h5 59. Kf3 Kg5
60. Kg3 Kf5 61. Kh4 Ke5 62. Kxh5 Kd4 63. Kg4 Kc4 64. Kf4 Kb4 65. Ke3 Kxa4 66.
Kd2 Kb3 67. Kc1 1/2-1/2

[Event "Mundial Juvenil femenino 2005 s14"]
[Site "Belfort FRA"]
[Date "2005.07.27"]
[Round "8.8"]
[White "Melekhina, Alisa"]
[Black "Sanchez Delgado, Lidia"]
[Result "1-0"]
[WhiteElo "2163"]
[BlackElo "1898"]
[PlyCount "65"]
[EventDate "2005.07.19"]
[EventType "swiss"]
[EventRounds "11"]
[EventCountry "FRA"]
[Source "lmi"]
[SourceDate "2005.07.31"]

1. e4 c5 2. Nc3 Nc6 3. g3 g6 4. Bg2 Bg7 5. d3 e6 6. Be3 d6 7. Nge2 Nd4 8. O-O
Ne7 9. f4 O-O 10. Qd2 Nec6 11. Nd1 Qb6 12. c3 Nxe2+ 13. Qxe2 Bd7 14. Nf2 Qa6
15. e5 dxe5 16. Bxc5 Rfc8 17. fxe5 Nxe5 18. Bd4 Nc6 19. Bxg7 Kxg7 20. Ne4 Ne5
21. Qf2 f5 22. Nc5 Qb5 23. d4 Ng4 24. Qd2 Rc7 25. a4 Qb6 26. a5 Qb5 27. c4 Qxc4
28. Rfc1 Qb5 29. Nxe6+ Bxe6 30. Rxc7+ Bf7 31. Rxb7 Qe8 32. Re1 Qa4 33. Rxf7+
1-0

[Event "Mundial Juvenil femenino 2005 s14"]
[Site "Belfort FRA"]
[Date "2005.07.27"]
[Round "8.10"]
[White "Dudas, Eszter"]
[Black "Uuganbayar, Khamsuren"]
[Result "1/2-1/2"]
[WhiteElo "2000"]
[BlackElo "1599"]
[PlyCount "109"]
[EventDate "2005.07.19"]
[EventType "swiss"]
[EventRounds "11"]
[EventCountry "FRA"]
[Source "lmi"]
[SourceDate "2005.07.31"]

1. e4 e6 2. d4 d5 3. Nd2 Nf6 4. e5 Nfd7 5. Bd3 c5 6. c3 Nc6 7. Ne2 cxd4 8. cxd4
Qb6 9. Nf3 f6 10. exf6 Nxf6 11. O-O Bd6 12. Bf4 Bxf4 13. Nxf4 O-O 14. b3 g6 15.
Ne2 Bd7 16. Rc1 Rac8 17. Qd2 Nb4 18. Bb1 Bb5 19. Rfe1 Bxe2 20. Rxc8 Rxc8 21.
Qxe2 Re8 22. Qe5 Nd7 23. Qg5 Nf8 24. h4 Qd8 25. Qg3 Qf6 26. h5 Qg7 27. hxg6
Nxg6 28. Qd6 Qe7 29. Qxe7 Rxe7 30. Ng5 Nf8 31. Bf5 Nxa2 32. Nxe6 Nb4 33. Re3
Nxe6 34. Bxe6+ Kg7 35. Bf5 Nc6 36. Rxe7+ Nxe7 37. Bd7 Kf6 38. f3 a5 39. Kf2 h5
40. Ke3 Nf5+ 41. Kd3 Kg5 42. Be6 Ne7 43. g3 b5 44. Bd7 b4 45. f4+ Kf6 46. g4
hxg4 47. Bxg4 Nf5 48. Bf3 Ke6 49. Bg4 Kf6 50. Bf3 Ne7 51. Bg4 Ng6 52. Ke3 Nh4
53. Bh3 Ng6 54. Bg4 Ne7 55. Kd3 1/2-1/2

[Event "Mundial Juvenil femenino 2005 s14"]
[Site "Belfort FRA"]
[Date "2005.07.27"]
[Round "8.11"]
[White "Iordanidou, Zoi"]
[Black "Maroroa, Sue Yuchan"]
[Result "1-0"]
[WhiteElo "1992"]
[BlackElo "1599"]
[PlyCount "67"]
[EventDate "2005.07.19"]
[EventType "swiss"]
[EventRounds "11"]
[EventCountry "FRA"]
[Source "lmi"]
[SourceDate "2005.07.31"]

1. e4 e5 2. Bc4 Nf6 3. d3 Bc5 4. Nf3 d6 5. c3 Nc6 6. b4 Bb6 7. a4 a6 8. a5 Ba7
9. O-O O-O 10. Qb3 h6 11. Be3 Ne7 12. Nbd2 c6 13. Bxa7 Rxa7 14. d4 exd4 15.
Nxd4 d5 16. exd5 Nexd5 17. N2f3 Re8 18. Rad1 Qc7 19. Rfe1 Bd7 20. Rxe8+ Bxe8
21. Re1 Ra8 22. Nf5 Rd8 23. g3 Bd7 24. Ne7+ Kh8 25. Nxd5 cxd5 26. Bxd5 Nxd5 27.
Qxd5 Be6 28. Qe5 Qc4 29. Nd4 Bh3 30. Ne2 f6 31. Qe7 Qc8 32. Nf4 Bg4 33. c4 Kh7
34. Qf7 1-0

[Event "Mundial Juvenil femenino 2005 s14"]
[Site "Belfort FRA"]
[Date "2005.07.27"]
[Round "8.12"]
[White "Wang, Qinke"]
[Black "Genzling, Sylvie"]
[Result "0-1"]
[WhiteElo "1599"]
[BlackElo "1968"]
[PlyCount "108"]
[EventDate "2005.07.19"]
[EventType "swiss"]
[EventRounds "11"]
[EventCountry "FRA"]
[Source "lmi"]
[SourceDate "2005.07.31"]

1. e4 e6 2. d4 d5 3. Nd2 Nf6 4. e5 Nfd7 5. Bd3 c5 6. c3 Nc6 7. Ne2 Qb6 8. Nf3
Be7 9. O-O cxd4 10. cxd4 O-O 11. Re1 f6 12. exf6 Nxf6 13. Nf4 Nd8 14. Bc2 Bd7
15. Ne5 Qc7 16. Nxd7 Qxd7 17. Qd3 Bd6 18. Nh5 g6 19. Nxf6+ Rxf6 20. Bg5 Rf8 21.
Rac1 Qf7 22. Be3 Bf4 23. Qd2 Nc6 24. g3 Bxe3 25. fxe3 e5 26. Rf1 Qe6 27. Bb3
exd4 28. exd4 Qe4 29. Rc5 Rxf1+ 30. Kxf1 Qf3+ 31. Qf2 Qxb3 32. Rc3 Qd1+ 33. Kg2
Rf8 34. Rf3 Rxf3 35. Qxf3 Qxd4 36. Qb3 b6 37. Qb5 Qe4+ 38. Kg1 d4 39. Qc4+ Kg7
40. b4 Ne5 41. Qc7+ Kh6 42. Qc1+ Qe3+ 43. Qxe3+ dxe3 44. Kf1 Kg5 45. Ke2 Nc4
46. a4 Kf5 47. Kd3 Kg4 48. Ke2 Kh3 49. a5 bxa5 50. bxa5 Nxa5 51. Kxe3 Kxh2 52.
Kf4 Nc4 53. g4 a5 54. Kg5 Ne3 0-1